Cambridge primary Science teacher's resource 1 / (Record no. 8686)

MARC details
000 -LEADER
fixed length control field 00905nam a22002297a 4500
001 - CONTROL NUMBER
control field 8686
003 - CONTROL NUMBER IDENTIFIER
control field FISKH
005 - DATE AND TIME OF LATEST TRANSACTION
control field 20251010145103.0
008 - FIXED-LENGTH DATA ELEMENTS--GENERAL INFORMATION
fixed length control field 251010b cb ||||| |||| 00| 0 eng d
020 ## - INTERNATIONAL STANDARD BOOK NUMBER
International Standard Book Number 9781107611467
040 ## - CATALOGING SOURCE
Original cataloging agency FISKH
Language of cataloging eng
Transcribing agency FISKH
Modifying agency FISKH
082 ## - DEWEY DECIMAL CLASSIFICATION NUMBER
Classification number 372.35
100 ## - MAIN ENTRY--PERSONAL NAME
Personal name Board, Jon
245 ## - TITLE STATEMENT
Title Cambridge primary Science teacher's resource 1 /
Statement of responsibility, etc. Jon Board and Alan Cross
260 ## - PUBLICATION, DISTRIBUTION, ETC.
Place of publication, distribution, etc. New York :
Name of publisher, distributor, etc. Cambridge,
Date of publication, distribution, etc. 2014.
300 ## - PHYSICAL DESCRIPTION
Extent 150 pages :
Other physical details color illustrations ;
Dimensions 28 cm
520 ## - SUMMARY, ETC.
Summary, etc. The Cambridge Primary Science Teacher's Resource 1 is designed to support educators in delivering the Cambridge Primary Science curriculum for Stage 1. This resource offers comprehensive guidance to enhance teaching effectiveness and student engagement.
650 ## - SUBJECT ADDED ENTRY--TOPICAL TERM
Topical term or geographic name entry element Education
Form subdivision Primary Science
General subdivision Teacher's Resource
700 ## - ADDED ENTRY--PERSONAL NAME
Personal name Cross, Alan
942 ## - ADDED ENTRY ELEMENTS (KOHA)
Source of classification or shelving scheme Dewey Decimal Classification
Koha item type Books
Suppress in OPAC No
Holdings
Withdrawn status Lost status Source of classification or shelving scheme Damaged status Not for loan Collection Home library Current library Shelving location Date acquired Total Checkouts Full call number Barcode Date last seen Copy number Price effective from Koha item type
    Dewey Decimal Classification     Reference Footprints International School Library Network Toul Kork Campus Footprints International School Library Network Toul Kork Campus Librarian's Shelf TK 10/10/2025   BOA 372.35 PZ7 2025-4531 10/10/2025 1 10/10/2025 Books
    Dewey Decimal Classification     Reference Footprints International School Library Network Toul Kork Campus Footprints International School Library Network Toul Kork Campus Librarian's Shelf TK 10/10/2025   BOA 372.35 PZ7 2025-4535 10/10/2025 2 10/10/2025 Books
    Dewey Decimal Classification     Reference Footprints International School Library Network Toul Kork Campus Footprints International School Library Network Toul Kork Campus Librarian's Shelf TK 10/10/2025   BOA 372.35 PZ7 2025-4536 10/10/2025 3 10/10/2025 Books
    Dewey Decimal Classification     Reference Footprints International School Library Network Toul Kork Campus Footprints International School Library Network Toul Kork Campus Librarian's Shelf TK 10/10/2025   BOA 372.35 PZ7 2025-4537 10/10/2025 4 10/10/2025 Books
    Dewey Decimal Classification     Reference Footprints International School Library Network Toul Kork Campus Footprints International School Library Network Toul Kork Campus Librarian's Shelf TK 10/10/2025   BOA 372.35 PZ7 2025-4538 10/10/2025 5 10/10/2025 Books